| 000 | 00758cam a2200241 a 4500 | ||
|---|---|---|---|
| 001 | 2861905 | ||
| 003 | ARRUPE | ||
| 005 | 20130911180436.0 | ||
| 008 | 850125s1985 nyu b 000 0 eng | ||
| 010 | _a 85060297 | ||
| 020 |
_a0809127075 (pbk.) : _c$8.95 |
||
| 040 |
_aDLC _cDLC _dDLC |
||
| 050 | 0 | 0 |
_aBX2200 _b.R54 1985 |
| 082 | 0 | 0 |
_a234/.16 _219 |
| 100 | 1 |
_aRoberts, William P., _d1931- _977 |
|
| 245 | 1 | 0 |
_aEncounters with Christ : _bintroduction to the sacraments / _cWilliam P. Roberts. |
| 260 |
_aNew York : _bPaulist Press, _cc1985. |
||
| 300 |
_ax, 243 p. ; _c21 cm. |
||
| 610 | 2 | 0 |
_aCatholic Church _xDoctrines. _978 |
| 650 | 0 |
_aSacraments _xCatholic Church. _979 |
|
| 906 |
_a7 _bcbc _corignew _d3 _eopcn _f19 _gy-gencatlg |
||
| 942 |
_2lcc _cMONOGRAPH |
||
| 999 |
_c117766 _d117766 |
||